LEADER 01347nam a2200313 4500 001 000000357248 003 CaOOAMICUS 005 20240326141026.0 008 240219s2023 it 000 u ita r 020 $a978-88-514-2718-4 040 $aSeMil$bita 100 1 $aPinna, Samuele.$0(OLS)http://semarc/name/74305 245 10$aMarcello Candia :$bimprenditore per conto di Dio /$cSamuele Pinna ; prefazione di Angelo Scola ; a cura di Federica Favero. 264 1$aMilano :$bŔncora,$c2023. 300 $a160 p. ;$c21 cm 490 1 $aProfili 541 0 $aOmaggio mons. Mario Delpini (3J II 468) 600 14$aCandia, Marcello .$0(OLS)http://semarc/subject/60 700 1 $aFavero, Federica.$0(OLS)http://semarc/name/119198 700 1 $aScola, Angelo,$c.$0(OLS)http://semarc/name/3364 830 0$aProfili.$0(OLS)http://semarc/title/10268 850 $aSeMil 852 $aSeMil$W1$xVenegono$y1$m3J II 468$j247037$B248432$CSeMilBibl$Z2$F248432 $81 941 1 $a7 961 $aOmaggio mons. Mario Delpini 996 $6020$a978-88-514-2718-4$9(OLS)http://semarc/number/299851 996 $6245$aMarcello Candia :$bimprenditore per conto di Dio$9(OLS)http://semarc/title/447479 996 $6264$aMilano :$bŔncora$9(OLS)http://semarc/publisher/29763 LEADER 00972nam a2200241 i 4500 001 000000087470 003 CaOOAMICUS 005 20180830150021.0 008 180830s1982 xx u000 u und u 013 $a59710 040 $aSeMil$bita 100 1 $aMecacci, Luciano,$d<1946- >.$0(OLS)http://semarc/name/39988 245 10$aStoria Antologica della Psicologia. 260 $aFirenze :$bGiunti-Barbčra,$c1982. 300 $a450 p. 490 0 $aBiblioteca Internazionale di Psicologia 650 4$aPsicologia - Storia.$0(OLS)http://semarc/subject/5470 700 1 $aDazzi, Nino.$0(OLS)http://semarc/name/6048 830 0$aBiblioteca internazionale di psicologia.$0(OLS)http://semarc/title/22679 850 $aSeMil 852 $aSeMil$W1$xVenegono$y1$m104 1 4 *$j50953$B50953$CSeMilBibl$Z2$F55069 $81 996 $6245$aStoria Antologica della Psicologia$9(OLS)http://semarc/title/133532 996 $6260$aFirenze :$bGiunti-Barbčra$9(OLS)http://semarc/publisher/31462